000 01318nam0a22003011 4500
001 rc\3658664
005 20130115150350.3
021 _aRU
_b72-18421
021 _aRU
_bРг7621-72
035 _a(NLR Aleph) 007738549
090 _a7133262
_c7133262
100 _a20130115d1972 |||y0rusy50 ca
101 0 _arus
102 _aRU
105 _ay z |||||
200 1 _aНовое в механизации и электрификации овощеводства
_fМолд. науч.-исслед. ин-т науч.-техн. информации и техн.-экон. исследований при Госплане МССР. МолдНИИНТИ
210 _aКишинев
_cБ. и.
_d1972
215 _a16 с., включ. обл.
_d20
225 1 _aЭкспресс-информация обзорная
300 _aВ конце текста: подгот. П.Г. Круду
320 _aБиблиогр.: с. 16
700 1 _aКруду
_bП. Г.
_gПетр Григорьевич
712 0 2 _aМолдавский науч.-исслед. ин-т науч.-техн. информации и науч.-техн. исследований
_cКишинев
_3RU\NLR\AUTH\8810062638
801 0 _aRU
_bNLR
_gpsbo
801 1 _aRU
_bELAR
_2rusmarc
852 _aNLR
_j72-4/12840
942 _cBOOK
980 _aNB